Missing Word: 'Band' Bands Quiz Stats

 Plays Quiz Updated Sep 29, 2019

Score 0/14 Timer 02:30
5 Plays Today
Band Missing Word % Correct
KC and the ______ BandSunshine
95.5%
The Allman ______ BandBrothers
94.5%
______ Matthews BandDave
88.9%
Steve ______ BandMiller
85.5%
______ Gritty Dirt BandNitty
77.7%
Band ______Aid
67.4%
The ______ Daniels BandCharlie
66.2%
Band Missing Word % Correct
The J. ______ BandGeils
66.2%
Zac ______ BandBrown
63.3%
Average ______ BandWhite
57.2%
The Marshall ______ BandTucker
57%
Little ______ BandRiver
52.5%
Climax ______ BandBlues
32.9%
Band of ______Horses
16.6%

Today's Daily Dose

Missing Word
Banned Books (A-Z)

Word Ladder
Janis Joplin

Get the Picture
Occupations

You're not logged in!

Compare scores with friends on all Sporcle quizzes.
OR
Log In

Sporcle TV

Today on Sporcle TV


Watch our educational content, quiz creation guides, and fun videos on Sporcle TV.

Show Comments

Extras

Top Quizzes Today


Score Distribution

Your Account Isn't Verified!

In order to create a playlist on Sporcle, you need to verify the email address you used during registration. Go to your Sporcle Settings to finish the process.

Report this User

Report this user for behavior that violates our Community Guidelines.

Details: